Construction Project Management (Record no. 553727)
[ view plain ]
| 000 -LEADER | |
|---|---|
| fixed length control field | 00421nam a22001577a 4500 |
| 082 ## - DEWEY DECIMAL CLASSIFICATION NUMBER | |
| Classification number | CP-46 |
| 100 ## - MAIN ENTRY--PERSONAL NAME | |
| Personal name | Dr Sohail Malik |
| 9 (RLIN) | 50990 |
| 245 ## - TITLE STATEMENT | |
| Title | Construction Project Management |
| Remainder of title | CE-371 |
| 250 ## - EDITION STATEMENT | |
| Edition statement | 2016 |
| 260 ## - PUBLICATION, DISTRIBUTION, ETC. | |
| Place of publication, distribution, etc. | MCE |
| Name of publisher, distributor, etc. | Course Pack |
| Date of publication, distribution, etc. | 2016. |
| 300 ## - PHYSICAL DESCRIPTION | |
| Extent | Verable pages |
| Other physical details | HB; |
| Dimensions | 30 cm |
| 526 ## - STUDY PROGRAM INFORMATION NOTE | |
| Program name | 0 |
| Interest level | 0 |
| Reading level | 0 |
| Title point value | CP_46 |
| 650 ## - SUBJECT ADDED ENTRY--TOPICAL TERM | |
| Topical term or geographic name entry element | Course Pack |
| 700 ## - ADDED ENTRY--PERSONAL NAME | |
| Personal name | Abdul Qadir Arshad;Zeeshan Haider |
| 9 (RLIN) | 50991 |
| 942 ## - ADDED ENTRY ELEMENTS (KOHA) | |
| Source of classification or shelving scheme | |
| Koha item type | Book Bank |
| Withdrawn status | Lost status | Source of classification or shelving scheme | Damaged status | Not for loan | Permanent Location | Current Location | Date acquired | Total Checkouts | Total Renewals | Full call number | Barcode | Date last seen | Date last checked out | Price effective from | Koha item type |
|---|---|---|---|---|---|---|---|---|---|---|---|---|---|---|---|
| Military College of Engineering (MCE) | Military College of Engineering (MCE) | 08/23/2016 | 1 | 1 | CP-46 | MCE-CP-46 | 10/18/2019 | 08/23/2016 | 08/23/2016 | Book Bank |
